Modern Marvels (Record no. 11533)
[ view plain ]
| 000 -LEADER | |
|---|---|
| fixed length control field | 01725nam a22003737a 4500 |
| 008 - FIXED-LENGTH DATA ELEMENTS--GENERAL INFORMATION | |
| fixed length control field | 090517t xxu||||| |||| 00| 0 eng d |
| 020 ## - INTERNATIONAL STANDARD BOOK NUMBER | |
| International Standard Book Number | 0767097718 |
| 020 ## - INTERNATIONAL STANDARD BOOK NUMBER | |
| International Standard Book Number | 0767097726 |
| 020 ## - INTERNATIONAL STANDARD BOOK NUMBER | |
| International Standard Book Number | 0767097734 |
| 020 ## - INTERNATIONAL STANDARD BOOK NUMBER | |
| International Standard Book Number | 0767097742 |
| 020 ## - INTERNATIONAL STANDARD BOOK NUMBER | |
| International Standard Book Number | 0767097165 (set) |
| 082 04 - DEWEY DECIMAL CLASSIFICATION NUMBER | |
| Classification number | 725.9 |
| Item number | ARC |
| Edition number | 22 |
| 245 00 - TITLE STATEMENT | |
| Title | Modern Marvels |
| Medium | [videorecording] : |
| Remainder of title | Architectural Wonders / |
| Statement of responsibility, etc | Arts and Entertainment Network. ; Actuality Productions; the History Channel.; New Video Group. |
| 260 ## - PUBLICATION, DISTRIBUTION, ETC. (IMPRINT) | |
| Place of publication, distribution, etc | New York : |
| Name of publisher, distributor, etc | A & E Television Networks, 2007 |
| Date of publication, distribution, etc | 2007 |
| 300 ## - PHYSICAL DESCRIPTION | |
| Extent | 8 videodiscs (6 hrs., 40 min.) : |
| Other physical details | sd., col. ; |
| Dimensions | 4 3/4 in. |
| 306 ## - PLAYING TIME | |
| Playing time | 6 hrs., 40 min. |
| 500 ## - GENERAL NOTE | |
| General note | Originally aired on the History Channel. |
| 505 ## - FORMATTED CONTENTS NOTE | |
| Formatted contents note | [v. 1]. The Egyptian pyramids -- The Great Wall of China -- [v. 2]. Mount Rushmore -- Hoover Dam -- [v. 3]. Golden Gate Bridge -- St. Louis Arch -- [v. 4]. The Empire State Building -- Eiffel Tower. |
| 520 ## - SUMMARY, ETC. | |
| Summary, etc | This collection includes eight documentaries highlighting famous structures from around the world. |
| 651 ## - SUBJECT ADDED ENTRY--GEOGRAPHIC NAME | |
| 9 (RLIN) | 14045 |
| Geographic name | Hoover Dam (Ariz. and Nev.) |
| General subdivision | History |
| 651 ## - SUBJECT ADDED ENTRY--GEOGRAPHIC NAME | |
| 9 (RLIN) | 14046 |
| Geographic name | Mount Rushmore National Memorial (S.D.) |
| 651 ## - SUBJECT ADDED ENTRY--GEOGRAPHIC NAME | |
| 9 (RLIN) | 14047 |
| Geographic name | Gateway Arch (Saint Louis, Mo.) |
| 651 ## - SUBJECT ADDED ENTRY--GEOGRAPHIC NAME | |
| 9 (RLIN) | 14048 |
| Geographic name | Great Wall of China (China) |
| General subdivision | History |
| 651 ## - SUBJECT ADDED ENTRY--GEOGRAPHIC NAME | |
| 9 (RLIN) | 14049 |
| Geographic name | Pyramids |
| Geographic subdivision | Egypt. |
| 651 ## - SUBJECT ADDED ENTRY--GEOGRAPHIC NAME | |
| 9 (RLIN) | 14050 |
| Geographic name | Empire State Building (New York, N.Y.) |
| 651 ## - SUBJECT ADDED ENTRY--GEOGRAPHIC NAME | |
| 9 (RLIN) | 14051 |
| Geographic name | Eiffel Tower (Paris, France) |
| 655 ## - INDEX TERM--GENRE/FORM | |
| Genre/form data or focus term | Documentary television programs |
| 655 ## - INDEX TERM--GENRE/FORM | |
| Genre/form data or focus term | Documentary films |
| 710 ## - ADDED ENTRY--CORPORATE NAME | |
| 9 (RLIN) | 14057 |
| Corporate name or jurisdiction name as entry element | Arts and Entertainment Network |
| 710 ## - ADDED ENTRY--CORPORATE NAME | |
| 9 (RLIN) | 14052 |
| Corporate name or jurisdiction name as entry element | History Channel (Television network) |
| 710 ## - ADDED ENTRY--CORPORATE NAME | |
| 9 (RLIN) | 14060 |
| Corporate name or jurisdiction name as entry element | Actuality Productions |
| 710 ## - ADDED ENTRY--CORPORATE NAME | |
| 9 (RLIN) | 14061 |
| Corporate name or jurisdiction name as entry element | New Video Group. |
| 942 ## - ADDED ENTRY ELEMENTS (KOHA) | |
| Source of classification or shelving scheme | Dewey Decimal Classification |
| Item type | CD | DVD - Documentary (NB) |
| Withdrawn status | Lost status | Source of classification or shelving scheme | Damaged status | Not for loan | Location (home branch) | Sublocation or collection (holding branch) | Shelving location | Date acquired | Source of acquisition | Koha issues (times borrowed) | Koha full call number | Piece designation (barcode) | Koha date last seen | Price effective from | Koha item type | Public note |
|---|---|---|---|---|---|---|---|---|---|---|---|---|---|---|---|---|
| Dewey Decimal Classification | Central Library | Central Library | Second Floor | 17/05/2009 | Purchase | 725.9 ARC | 000016356 | 24/08/2022 | 17/05/2009 | CD | DVD - Documentary (NB) | Egyptian Pyramids & The Great Wall of China | |||||
| Dewey Decimal Classification | Central Library | Central Library | Second Floor | 17/05/2009 | Purchase | 725.9 ARC | 000016357 | 24/08/2022 | 17/05/2009 | CD | DVD - Documentary (NB) | Mount Rushmore & Hoover Dam | |||||
| Dewey Decimal Classification | Central Library | Central Library | Second Floor | 17/05/2009 | Purchase | 725.9 ARC | 000016359 | 24/08/2022 | 17/05/2009 | CD | DVD - Documentary (NB) | The Empire State Building & Eiffel Tower | |||||
| Dewey Decimal Classification | Central Library | Central Library | Second Floor | 17/05/2009 | Purchase | 725.9 ARC | 000016360 | 24/08/2022 | 17/05/2009 | CD | DVD - Documentary (NB) | Golden Gate Bridge & St. Louis Arch |